| 000 | 00908nam a2200265Ia 4500 | ||
|---|---|---|---|
| 005 | 20250425161139.0 | ||
| 008 | 250425s9999 xx 000 0 und d | ||
| 020 | _a970100048X | ||
| 041 | _aspa | ||
| 082 | _a004.165 | ||
| 100 | _aTOKHEIM, ROGER L. | ||
| 245 | 0 | _aFUNDAMENTOS DE LOS MICROPROCESADORES | |
| 250 | _a2A ED. | ||
| 260 | _aMEXICO | ||
| 260 |
_aMéxico _bMCGRAW-HILL _c1985 |
||
| 300 | _a563 | ||
| 520 | _aESTA SEGUNDA EDICION PROPORCIONA AL LECTOR LOS ASPECTOS BASICOS DE LOS MICROPROCESADORES A TRAVES DE CIENTOS DE EJEMPLOS Y PROBLEMAS APOYADOS EN BASES TEORICAS. COMIENZA CON UNA CORTA INTRODUCCION A LAS COMPUTADORAS, A COTNINUACION PRESENTA INFORMACION | ||
| 650 | _aHARDWARE | ||
| 650 | _aMICROCOMPUTADORAS | ||
| 650 | _aMICROPROCESADORES | ||
| 650 | _aMOTOROLA 6800 (MICROPROCESADOR) | ||
| 700 |
_aJUAN MANUEL SANCHEZ _etraductor |
||
| 942 | _c01 | ||
| 010 | _a13741 | ||
| 999 |
_c203359 _d203359 |
||